Council tax bandings on web (Record no. 70467)
[ view plain ]
| 000 -LEADER | |
|---|---|
| fixed length control field | 01020cam a2200205 4500 |
| 001 - CONTROL NUMBER | |
| control field | WB3821-21 |
| 008 - FIXED-LENGTH DATA ELEMENTS--GENERAL INFORMATION | |
| fixed length control field | 020612n2002 000 0 eng u |
| 035 ## - SYSTEM CONTROL NUMBER | |
| System control number | (Sirsi) u118386 |
| 245 ## - TITLE STATEMENT | |
| Title | Council tax bandings on web |
| 260 ## - PUBLICATION, DISTRIBUTION, ETC. | |
| Date of publication, distribution, etc. | 2002 |
| 490 ## - SERIES STATEMENT | |
| Series statement | Inland Revenue Press Release |
| Volume/sequential designation | 10 June 2002, (1) |
| 520 ## - SUMMARY, ETC. | |
| Summary, etc. | The Valuation Officice Agency (VAO) has published all council tax bandings in England and Wales on its website. Council tax payers will be able to locate the banding for their own and other properties and make appeals online within statutory time limits. The database is available at http://www.voa.gov.uk / http://www.nds.coi.gov.uk/coi/coipress.nsf/1da827e79df1aaf98025673500583789/9553079eda22b7a580256bd40058abf2?OpenDocument |
| 590 ## - LOCAL NOTE (RLIN) | |
| Local note | WB |
| 650 ## - SUBJECT ADDED ENTRY--TOPICAL TERM | |
| Topical term or geographic name entry element | COUNCIL TAX |
| 650 ## - SUBJECT ADDED ENTRY--TOPICAL TERM | |
| Topical term or geographic name entry element | VALUATION OFFICE AGENCY |
| 650 ## - SUBJECT ADDED ENTRY--TOPICAL TERM | |
| Topical term or geographic name entry element | COUNCIL TAX APPEALS |
| 650 ## - SUBJECT ADDED ENTRY--TOPICAL TERM | |
| Topical term or geographic name entry element | COUNCIL TAX BANDINGS |
| 690 ## - LOCAL SUBJECT ADDED ENTRY--TOPICAL TERM (OCLC, RLIN) | |
| Topical term or geographic name as entry element | RATING AND LOCAL TAXATION |
| 942 ## - ADDED ENTRY ELEMENTS (KOHA) | |
| Suppress in OPAC | 0 |
| Withdrawn status | Lost status | Source of classification or shelving scheme | Damaged status | Not for loan | Home library | Current library | Shelving location | Date acquired | Total Checkouts | Full call number | Barcode | Date last seen | Copy number | Price effective from | Koha item type |
|---|---|---|---|---|---|---|---|---|---|---|---|---|---|---|---|
| Dewey Decimal Classification | London | London | News article | 12/06/2002 | WB3821-21 | 118386-1001 | 06/08/2019 | 1 | 06/08/2019 | News article |